Štát ako subjekt medzinárodného práva bakalárska práca

Guardado en:
Detalles Bibliográficos
Autor principal: Augustínová, Michaela
Autor Corporativo: Fakulta medzinárodných vzťahov EU. Katedra medzinárodného práva
Otros Autores: Harakaľová, Dorota, 1989-
Formato: Libro
Lenguaje:eslovaco
Publicado: Bratislava 2015
Etiquetas: Agregar Etiqueta
Sin Etiquetas, Sea el primero en etiquetar este registro!

MARC

LEADER 00000nbm a2200000 4500
001 0202675
005 20161212100342.0
041 0 |a slo 
044 |a SK 
245 1 0 |a Štát ako subjekt medzinárodného práva  |b bakalárska práca  |c Michaela Augustínová ; školiteľ: Dorota Harakaľová 
264 1 |a Bratislava  |c 2015 
300 |a 65 s. 
100 1 |a Augustínová, Michaela 
700 1 |a Harakaľová, Dorota, 1989- 
710 2 |a Fakulta medzinárodných vzťahov EU. Katedra medzinárodného práva